Kesäolympialaisten järjestäjäkaupungit kartalla - Statistics

Yleistilastot
  • Tätä visaa on pelattu 36 kertaa
  • Keskiarvotulos 28 / 30
Vastaukset kartalla
Vastauksille on annettu kartalla punavihreä väri sen mukaan, kuinka moni on saanut sen oikein.
 
Vastaustilastot
% Oikein
Berliini
100%
Helsinki
100%
Lontoo
100%
Lontoo
100%
Lontoo
100%
Moskova
100%
Pariisi
100%
Pariisi
100%
Pariisi
100%
Peking
100%
Rooma
100%
Tukholma
100%
Ateena
96%
Ateena
96%
Los Angeles
96%
Los Angeles
96%
México
96%
Rio de Janeiro
96%
Soul
96%
Sydney
96%
Tokio
96%
Tokio
96%
Amsterdam
93%
Barcelona
93%
Melbourne
86%
München
86%
Atlanta
75%
Montreal
75%
Antwerpen
64%
St. Louis
50%
Ehtoja vastaavia visoja ei löytynyt
Tulosjakauma
Jokaisen tuloksen saaneiden osuus
Persentiili vastausten määrän mukaan
Tuloshistoriasi
Et ole pelannut tätä visaa